| 000 | 01332nam a2200313Ia 4500 | ||
|---|---|---|---|
| 001 | ebr10214435 | ||
| 003 | CaPaEBR | ||
| 006 | m u | ||
| 007 | cr cn||||||||| | ||
| 008 | 050128s2005 bccab sb 001 0 eng d | ||
| 020 | _z9780774810661 | ||
| 020 | _z0774810661 | ||
| 040 |
_aCaPaEBR _cCaPaEBR |
||
| 035 | _a(OCoLC)648347618 | ||
| 050 | 1 | 4 |
_aQL685.5.O6 _bS261 2005eb |
| 082 | 0 | 4 |
_a598/.09713 _222 |
| 100 | 1 | _aSandilands, Allan P. | |
| 245 | 1 | 0 |
_aBirds of Ontario _h[electronic resource] : _bhabitat requirements, limiting factors, and status. _nVolume 1, _pNonpasserines. _pWaterfowl through cranes / _cAl Sandilands ; with illustrations by Ross James. |
| 260 |
_aVancouver : _bUBC Press, _cc2005. |
||
| 300 |
_a365 p. : _bill., maps. |
||
| 504 | _aIncludes bibliographical references and index. | ||
| 533 |
_aElectronic reproduction. _bPalo Alto, Calif. : _cebrary, _d2013. _nAvailable via World Wide Web. _nAccess may be limited to ebrary affiliated libraries. |
||
| 650 | 0 |
_aBirds _xHabitat _zOntario. |
|
| 650 | 0 |
_aBirds _xEffect of habitat modification on _zOntario. |
|
| 650 | 0 |
_aBird populations _zOntario. |
|
| 655 | 7 |
_aElectronic books. _2local |
|
| 710 | 2 | _aebrary, Inc. | |
| 856 | 4 | 0 |
_uhttp://site.ebrary.com/lib/rucke/Doc?id=10214435 _zAn electronic book accessible through the World Wide Web; click to view |
| 999 |
_c128100 _d128100 |
||